Regulatory requirements for hazardous materials / (Record no. 328413)

000 -LEADER
fixed length control field 01112cam a2200277 a 4500
001 - CONTROL NUMBER
control field 1088736
003 - CONTROL NUMBER IDENTIFIER
control field Nust
005 - DATE AND TIME OF LATEST TRANSACTION
control field 20170406143205.0
008 - FIXED-LENGTH DATA ELEMENTS--GENERAL INFORMATION
fixed length control field 920902s1993 nyuk b 001 0 eng
010 ## - LIBRARY OF CONGRESS CONTROL NUMBER
LC control number 92032345
020 ## - INTERNATIONAL STANDARD BOOK NUMBER
International Standard Book Number 0070397619
040 ## - CATALOGING SOURCE
Original cataloging agency DLC
Transcribing agency DLC
Modifying agency DLC
043 ## - GEOGRAPHIC AREA CODE
Geographic area code n-us---
050 00 - LIBRARY OF CONGRESS CALL NUMBER
Item number .M335 1993
082 00 - DEWEY DECIMAL CLASSIFICATION NUMBER
Classification number 344.7304622 MAJ
-- 344.7304622 MAJ
Edition number 20
100 1# - MAIN ENTRY--PERSONAL NAME
Personal name Majumdar, Somendu B.
Fuller form of name (Somendu Bikas),
Dates associated with a name 1943-
245 10 - TITLE STATEMENT
Title Regulatory requirements for hazardous materials /
Statement of responsibility, etc. Somendu B. Majumdar.
260 ## - PUBLICATION, DISTRIBUTION, ETC.
Place of publication, distribution, etc. New York :
Name of publisher, distributor, etc. McGraw-Hill,
Date of publication, distribution, etc. c1993.
300 ## - PHYSICAL DESCRIPTION
Extent xxiii, 524 p. :
Other physical details forms ;
Dimensions 25 cm.
500 ## - GENERAL NOTE
General note H.B
504 ## - BIBLIOGRAPHY, ETC. NOTE
Bibliography, etc. note Includes bibliographical references and index.
650 #0 - SUBJECT ADDED ENTRY--TOPICAL TERM
Topical term or geographic name entry element Hazardous substances
General subdivision Law and legislation
Geographic subdivision United States.
650 #0 - SUBJECT ADDED ENTRY--TOPICAL TERM
Topical term or geographic name entry element Hazardous wastes
General subdivision Law and legislation
Geographic subdivision United States.
856 41 - ELECTRONIC LOCATION AND ACCESS
Materials specified Table of contents
Uniform Resource Identifier <a href="http://www.loc.gov/catdir/toc/mh021/92032345.html">http://www.loc.gov/catdir/toc/mh021/92032345.html</a>
906 ## - LOCAL DATA ELEMENT F, LDF (RLIN)
a 7
b cbc
c orignew
d 1
e ocip
f 19
g y-gencatlg
942 ## - ADDED ENTRY ELEMENTS (KOHA)
Source of classification or shelving scheme
Koha item type Book
Call number prefix 344.7304622 MAJ
Holdings
Withdrawn status Lost status Source of classification or shelving scheme Damaged status Not for loan Collection code Permanent Location Current Location Shelving location Date acquired Total Checkouts Full call number Barcode Date last seen Price effective from Koha item type
            Institute of Environmental Science and Engineering (IESE) Institute of Environmental Science and Engineering (IESE) General Stacks 04/06/2017   344.7304622 MAJ IESE-317 04/06/2017 04/06/2017 Book
© 2023 Central Library, National University of Sciences and Technology. All Rights Reserved.